संत एक्विनास (Record no. 8345)
[ view plain ]
| 000 -LEADER | |
|---|---|
| fixed length control field | 00783 a2200217 4500 |
| 001 - CONTROL NUMBER | |
| control field | 134822 |
| 003 - CONTROL NUMBER IDENTIFIER | |
| control field | OSt |
| 005 - DATE AND TIME OF LATEST TRANSACTION | |
| control field | 20211102115014.0 |
| 008 - FIXED-LENGTH DATA ELEMENTS--GENERAL INFORMATION | |
| fixed length control field | |
| 020 ## - INTERNATIONAL STANDARD BOOK NUMBER | |
| International Standard Book Number | 9788183302616 |
| 041 ## - LANGUAGE CODE | |
| Language code of text/sound track or separate title | Hindi |
| 082 ## - DEWEY DECIMAL CLASSIFICATION NUMBER | |
| Classification number | 320.01 |
| Item number | S23M |
| 100 1# - MAIN ENTRY--PERSONAL NAME | |
| Personal name | शर्मा, दीप्ति |
| 245 1# - TITLE STATEMENT | |
| Title | संत एक्विनास |
| Statement of responsibility, etc | by दीप्ति शर्मा and एम.कुमार |
| 260 ## - PUBLICATION, DISTRIBUTION, ETC. (IMPRINT) | |
| Place of publication, distribution, etc | नई दिल्ली |
| Name of publisher, distributor, etc | अर्जुन पब्लिशिंग हाउस |
| Date of publication, distribution, etc | 2011 |
| 300 ## - PHYSICAL DESCRIPTION | |
| Extent | 219p. |
| 630 ## - SUBJECT ADDED ENTRY--UNIFORM TITLE | |
| Uniform title | हिन्दी साहित्य |
| 690 ## - LOCAL SUBJECT ADDED ENTRY--TOPICAL TERM (OCLC, RLIN) | |
| Topical term or geographic name as entry element | Political science--Philosophy; Political and social views; Thomas, Aquinas, Saint, 1225?-1274 |
| 700 ## - ADDED ENTRY--PERSONAL NAME | |
| Personal name | कुमार, एम. |
| 942 ## - ADDED ENTRY ELEMENTS (KOHA) | |
| Source of classification or shelving scheme | Dewey Decimal Classification |
| Koha item type | Books |
| Withdrawn status | Lost status | Source of classification or shelving scheme | Damaged status | Not for loan | Collection code | Home library | Current library | Date acquired | Source of acquisition | Cost, normal purchase price | Full call number | Barcode | Date last seen | Price effective from | Koha item type |
|---|---|---|---|---|---|---|---|---|---|---|---|---|---|---|---|
| Dewey Decimal Classification | General Text Book | Central University Of Rajasthan | Central University Of Rajasthan | 09/10/2012 | HND | 690.00 | 320.01 S23M | 8553 | 21/11/2024 | 02/09/2020 | Books |
